Т. 5, Ч. 3 : История России и ее ближайших соседей. XX век; Энциклопедия для детей

Bibliographic Details
Parent link:Энциклопедия для детей/ гл. ред. М. Аксенова. Т. 5, Ч. 3 : История России и ее ближайших соседей. XX век.— , 1993-.— 5-89501-001-6
Language:Russian
Published: 2000
Subjects:
Format: Book
KOHA link:https://koha.lib.tpu.ru/cgi-bin/koha/opac-detail.pl?biblionumber=27263

MARC

LEADER 00000nam2a2200000 4500
001 27263
005 20241126160059.0
010 |a 5848300259 
035 |a (RuTPU)RU\TPU\book\27512 
035 |a BOOK00027587 
090 |a 27263 
100 |a 20011209d2000 k y0rusy50 ca 
101 0 |a rus 
102 |a RU 
105 |a a f 000zd 
200 0 |a Т. 5, Ч. 3 : История России и ее ближайших соседей. XX век 
210 |d 2000 
215 |a 704 с.  |c ил. 
461 1 |0 (RuTPU)RU\TPU\book\15787  |y 5-89501-001-6  |t Энциклопедия для детей  |f гл. ред. М. Аксенова  |v Т. 5, Ч. 3 : История России и ее ближайших соседей. XX век  |d 1993-  
600 1 |a Сталин  |g Иосиф Виссарионович  |b И. В.  |f 1878 - 1953  |c российский политический и государственный деятель  |c Генеральный секретарь ЦК КПСС  |c настоящая фамилия Джугашвилли  |c псевдоним Коба  |2 stltpui  |3 (RuTPU)RU\TPU\pers\1058 
600 1 |a Берия  |g Лаврентий Павлович  |f 1899-1953  |b Л. П.  |c Советский партийный и государственный деятель  |2 stltpui  |3 (RuTPU)RU\TPU\pers\38 
600 1 |a Жуков  |b Г. К.  |c русский полководец, маршал СССР  |f 1896 - 1974  |g Георгий Константинович  |2 stltpui  |3 (RuTPU)RU\TPU\pers\175  |9 94 
600 1 |a Рокоссовский  |b К. К,  |c российский полководец  |c Маршал Советского Союза  |f 1896-1968  |g Константин Константинович  |c дважды Герой Советского Союза  |2 stltpush  |3 (RuTPU)RU\TPU\pers\12451 
600 1 |a Власов  |g Андрей Андреевич  |b А. А.  |c российский военный деятель  |f 1901 - 1946  |c генерал-лейтенант  |2 stltpui  |3 (RuTPU)RU\TPU\pers\1337 
600 1 |a Сахаров  |g Андрей Дмитриевич  |b А. Д.  |c российский физик-теоретик  |c общественный деятель  |c академик АН СССР  |f 1921 - 1989  |2 stltpui  |3 (RuTPU)RU\TPU\pers\1087 
600 1 |a Солженицын  |g Александр Исаевич  |b А. И.  |c русский писатель  |c академик РАН  |f 1918 -  |2 stltpui  |3 (RuTPU)RU\TPU\pers\1117 
600 1 |a Ельцин  |g Борис Николаевич  |c российский государственный и политический деятель  |f 1931-  |b Б. Н.  |c 1-й президент РФ  |2 stltpui  |3 (RuTPU)RU\TPU\pers\1064 
606 1 |a Энциклопедии  |2 stltpush  |3 (RuTPU)RU\TPU\subj\21381  |9 46387 
606 |a Россия  |x История  |9 81526 
610 1 |a СССР 
610 1 |a 20 век 
610 1 |a персоналии 
610 1 |a энциклопедии 
610 1 |a Гражданская война 1918-1921 
610 1 |a революция 
610 1 |a Чеченская война 
610 1 |a Вторая мировая война 1939-1945 
686 |a Т3(2)я2  |2 rubbk 
686 |a Я20  |2 rubbk 
801 0 |a RU  |b 63413507  |c 20011209  |g PSBO 
801 2 |a RU  |b 63413507  |c 20190821  |g PSBO 
942 |c BK